[Event "VL-2022/23"]
[Site "MVP"]
[Date "2022.11.06"]
[Round "2.4"]
[White "Wulff, Jens-Peter"]
[Black "Helms, Sven"]
[Result "0-1"]
[WhiteElo "1726"]
[BlackElo "1940"]
[PlyCount "80"]
[EventDate "2022.??.??"]
[EventType "team-tourn"]
[EventRounds "9"]
[EventCountry "GER"]
[WhiteTeam "Mecklenburger Springer"]
[BlackTeam "SF Schwerin II"]
[WhiteTeamCountry "GER"]
[BlackTeamCountry "GER"]

1. d4 d5 2. Bf4 e6 3. Nd2 f5 4. e3 Nf6 5. h3 Bd6 6. Bh2 Bxh2 7. Rxh2 Qd6 8. Rh1 O-O 9. f4 c5 10. Nb3 cxd4 11. Qxd4 b6 12. Bd3 Nc6 13. Qc3 Bd7 14. Nf3 Rac8 15. Qd2 Ne4 16. Bxe4 fxe4 17. Ng5 Qe7 18. h4 h6 19. Nh3 Qxh4+ 20. Nf2 Qf6 21. O-O-O Rfd8 22. Ng4 Qg6 23. Ne5 Nxe5 24. fxe5 Qg5 25. Qe2 Rf8 26. Rh5 Qg3 27. Rd2 Be8 28. Rh3 Qxe5 29. Nd4 Bd7 30. Rh1 Rf6 31. b3 Qd6 32. Kb2 Qc5 33. Rh5 Qc3+ 34. Kb1 Rcf8 35. Rd1 Qc7 36. Kb2 Rf2 37. Qg4 e5 38. Qg6 exd4 39. Rxd5 Qxc2+ 40. Ka3 Qb2+ 0-1

[Event "VL-2022/23"]
[Site "MVP"]
[Date "2022.11.06"]
[Round "2.5"]
[White "Jung, Werner"]
[Black "Kumbernuss, Torsten"]
[Result "1/2-1/2"]
[WhiteElo "2004"]
[BlackElo "1562"]
[PlyCount "130"]
[EventDate "2022.??.??"]
[EventType "team-tourn"]
[EventRounds "9"]
[EventCountry "GER"]
[WhiteTeam "SF Schwerin II"]
[BlackTeam "Mecklenburger Springer"]
[WhiteTeamCountry "GER"]
[BlackTeamCountry "GER"]

1. e4 e5 2. d4 exd4 3. Qxd4 Nc6 4. Qe3 d6 5. Bd2 Be7 6. Nc3 Nf6 7. O-O-O O-O 8. f3 d5 9. exd5 Nxd5 10. Qf2 Nxc3 11. Bxc3 Bd6 12. f4 Be6 13. Kb1 Qc8 14. Bd3 Bf5 15. Ne2 Bb4 16. Nd4 Bxc3 17. Nxf5 Bf6 18. g4 Ne7 19. Ne3 g6 20. Qg3 Bd4 21. Ng2 c5 22. c3 Bg7 23. Ne3 Qc6 24. h4 Nd5 25. Nxd5 Qxd5 26. Bxg6 Qc6 27. Bc2 Rad8 28. Rhe1 Rxd1+ 29. Rxd1 Qc7 30. Qd3 f5 31. Qd5+ Kh8 32. Bxf5 Qxf4 33. Qxc5 b6 34. Qd5 h5 35. Bd7 hxg4 36. Qh5+ Qh6 37. Qxh6+ Bxh6 38. Bxg4 a5 39. Kc2 Rf2+ 40. Kb1 Be3 41. Rh1 Rf4 42. Bd7 Kg7 43. h5 Rf6 44. Be8 Re6 45. Bg6 Bd2 46. Rh2 Re1+ 47. Kc2 Be3 48. Kb3 Bc1 49. Kc4 Re5 50. Rc2 Rc5+ 51. Kd4 Bf4 52. Ke4 Bg5 53. Rf2 Rc7 54. Rg2 Rc5 55. Rh2 Rc4+ 56. Kd5 Rc5+ 57. Kd4 Bf6+ 58. Ke4 Bg5 59. Rg2 Rc4+ 60. Kd3 Rc5 61. Be4 Kh6 62. Bg6 Kg7 63. Rf2 Rc7 64. Re2 Re7 65. Rxe7+ Bxe7 1/2-1/2

[Event "VL-2022/23"]
[Site "MVP"]
[Date "2022.11.06"]
[Round "2.8"]
[White "Wulf, Doris"]
[Black "Voll, Andreas"]
[Result "1/2-1/2"]
[WhiteElo "1568"]
[BlackElo "1880"]
[PlyCount "58"]
[EventDate "2022.??.??"]
[EventType "team-tourn"]
[EventRounds "9"]
[EventCountry "GER"]
[WhiteTeam "Mecklenburger Springer"]
[BlackTeam "SF Schwerin II"]
[WhiteTeamCountry "GER"]
[BlackTeamCountry "GER"]

1. e4 c5 2. Nf3 d6 3. d4 cxd4 4. Nxd4 a6 5. Nc3 Nf6 6. Bg5 e6 7. f4 Be7 8. Qd3 Nbd7 9. O-O-O Qc7 10. g4 h6 11. Bxf6 Bxf6 12. f5 Ne5 13. Qg3 Bd7 14. Kb1 O-O-O 15. Be2 Kb8 16. Nf3 Nxf3 17. Qxf3 Bc6 18. a3 Rc8 19. Na2 d5 20. Bd3 a5 21. Qe2 dxe4 22. Bxe4 Qb6 23. c3 Bb5 24. Bd3 Ba4 25. Bc2 Bc6 26. Be4 Bxe4+ 27. Qxe4 exf5 28. Qxf5 Rhe8 29. Rd5 Re2 1/2-1/2

[Event "VL-2022/23"]
[Site "MVP"]
[Date "2022.11.06"]
[Round "2.1"]
[White "Schmidt, Peter"]
[Black "Kist, Eike Andreas"]
[Result "0-1"]
[WhiteElo "2109"]
[BlackElo "1697"]
[PlyCount "90"]
[EventDate "2022.??.??"]
[EventType "team-tourn"]
[EventRounds "9"]
[EventCountry "GER"]
[WhiteTeam "SSC Rostock"]
[BlackTeam "Think Rochade"]
[WhiteTeamCountry "GER"]
[BlackTeamCountry "GER"]

1. Nf3 Nf6 2. b3 d5 3. e3 Bf5 4. Bb2 Nbd7 5. d3 h6 6. Nbd2 e6 7. Qe2 Bh7 8. a3 c6 9. g3 Qc7 10. Bg2 Bd6 11. O-O O-O 12. e4 e5 13. Nh4 Rfe8 14. c4 Nc5 15. cxd5 cxd5 16. Rac1 Qb6 17. b4 Na4 18. Ba1 Qa6 19. Rfe1 Nb6 20. Bb2 Na4 21. Ba1 Rac8 22. Nf5 Bxf5 23. exf5 b5 24. h4 d4 25. g4 Rxc1 26. Rxc1 Rc8 27. Nb3 Rxc1+ 28. Nxc1 Qc8 29. Nb3 Nc3 30. Qf3 Nfd5 31. Bxc3 Nxc3 32. g5 hxg5 33. hxg5 e4 34. dxe4 Qc4 35. Nd2 Ne2+ 36. Kh1 Qc1+ 37. Nf1 Nf4 38. g6 Be5 39. Qb3 Qc4 40. gxf7+ Kxf7 41. Qd1 Kf8 42. Ng3 d3 43. Bf1 Qc2 44. Be2 Nxe2 45. Qxc2 Nxg3+ 0-1

[Event "VL-2022/23"]
[Site "MVP"]
[Date "2022.11.06"]
[Round "2.2"]
[White "Busch, Martin"]
[Black "Kallweit, Paul"]
[Result "1/2-1/2"]
[WhiteElo "2117"]
[BlackElo "1891"]
[PlyCount "55"]
[EventDate "2022.??.??"]
[EventType "team-tourn"]
[EventRounds "9"]
[EventCountry "GER"]
[WhiteTeam "Think Rochade"]
[BlackTeam "SSC Rostock"]
[WhiteTeamCountry "GER"]
[BlackTeamCountry "GER"]

1. e4 c6 2. Nf3 d5 3. Nc3 Nf6 4. e5 Ne4 5. Ne2 Qb6 6. d4 e6 7. Ng3 c5 8. Bd3 cxd4 9. Nxe4 dxe4 10. Bxe4 Bc5 11. O-O h6 12. a3 a5 13. Nd2 Nd7 14. Qg4 Kf8 15. Qg3 Qc7 16. Nc4 Rb8 17. Rd1 b6 18. b4 axb4 19. axb4 Bxb4 20. Rxd4 b5 21. Nb2 Bc3 22. Rd1 Bxe5 23. f4 Bf6 24. Qa3+ Qc5+ 25. Qxc5+ Nxc5 26. Bf3 g6 27. Ra7 Kg7 28. Be3 1/2-1/2

[Event "VL-2022/23"]
[Site "MVP"]
[Date "2022.11.06"]
[Round "2.3"]
[White "Hodl, Ingolf"]
[Black "Celmer, Ole"]
[Result "1/2-1/2"]
[WhiteElo "1911"]
[BlackElo "1930"]
[PlyCount "95"]
[EventDate "2022.??.??"]
[EventType "team-tourn"]
[EventRounds "9"]
[EventCountry "GER"]
[WhiteTeam "SSC Rostock"]
[BlackTeam "Think Rochade"]
[WhiteTeamCountry "GER"]
[BlackTeamCountry "GER"]

{[%evp 0,95,19,-17,1,-29,-6,-12,7,6,11,3,26,-3,3,3,9,-29,-2,-15,-28,-40,-29,-27,-7,0,20,-2,27,23,15,9,9,25,30,32,50,40,74,23,47,43,74,45,53,59,49,31,57,57,47,7,7,-27,-23,-17,-6,-17,4,-6,28,29,48,22,53,7,45,45,102,115,114,98,139,116,145,95,133,104,76,47,16,-274,-283,-357,-353,-395,-407,-412,-416,-416,-429,-439,-439,-403,0,0,0,0]} 1. g3 d5 2. Bg2 Nf6 3. Nf3 e6 4. O-O Be7 5. d3 O-O 6. Nbd2 c5 7. e4 Nc6 8. c3 Qc7 9. Re1 dxe4 10. dxe4 e5 11. Qc2 Bg4 12. Nf1 Rfd8 13. Bg5 h6 14. Bxf6 Bxf6 15. Ne3 Be6 16. Rad1 Qa5 17. Nd5 Rac8 18. a3 b5 19. Nd2 Ne7 20. Nf1 Nc6 21. Nfe3 Be7 22. Qe2 Bf8 23. f4 exf4 24. gxf4 Qa6 25. Bf1 c4 26. f5 Bxd5 27. Nxd5 Ne5 28. Qh5 Rd6 29. Be2 Re8 30. Kh1 Qb7 31. Rg1 g6 32. f6 Kh7 33. Qh4 Nd3 34. Bxd3 cxd3 35. Rxd3 Re5 36. Qf4 Rh5 37. Rgd1 Rc6 38. Qf3 Qb8 39. R1d2 Qe5 40. Nf4 Rxf6 41. Rf2 Rh4 42. Nxg6 Rxf3 43. Nxf8+ Kg7 44. Rdxf3 Kxf8 45. Rxf7+ Kg8 46. R7f3 Rxe4 47. Rg2+ Kh7 48. Rf7+ 1/2-1/2

[Event "VL-2022/23"]
[Site "MVP"]
[Date "2022.11.06"]
[Round "2.4"]
[White "Gazizov, Max"]
[Black "Hingst, Silke"]
[Result "0-1"]
[WhiteElo "1689"]
[BlackElo "1888"]
[PlyCount "91"]
[EventDate "2022.??.??"]
[EventType "team-tourn"]
[EventRounds "9"]
[EventCountry "GER"]
[WhiteTeam "Think Rochade"]
[BlackTeam "SSC Rostock"]
[WhiteTeamCountry "GER"]
[BlackTeamCountry "GER"]

1. d4 f5 2. Nf3 Nf6 3. c4 g6 4. g3 Bg7 5. Bg2 d6 6. O-O O-O 7. Nc3 Qe8 8. Qc2 e5 9. d5 a5 10. a3 Na6 11. Rd1 Bd7 12. b3 Nc5 13. Rb1 f4 14. Ng5 Bf5 15. Nge4 Qf7 16. Rf1 Nfxe4 17. Nxe4 a4 18. b4 Nb3 19. Bb2 Bh6 20. Rbd1 fxg3 21. hxg3 Qd7 22. c5 Rae8 23. c6 bxc6 24. dxc6 Qe6 25. Qc3 Nd4 26. Rfe1 Bg4 27. Kf1 Rf5 28. Qd3 Rh5 29. Bxd4 exd4 30. Qxd4 Bg7 31. Qe3 Bh3 32. g4 Bxg2+ 33. Kg1 Re5 34. f3 Bh3 35. Rd4 Bxg4 36. fxg4 Qxg4+ 37. Ng3 Rxe3 38. Rxg4 Rxa3 39. Rb1 Rb3 40. Rxb3 axb3 41. Ne4 Rxe4 42. Rxe4 b2 43. Re8+ Kf7 44. Rc8 b1=Q+ 45. Kg2 Qe4+ 46. Kf2 0-1

[Event "VL-2022/23"]
[Site "MVP"]
[Date "2022.11.06"]
[Round "2.5"]
[White "Wurst, Maximilian"]
[Black "Morosova, Svetlana"]
[Result "0-1"]
[WhiteElo "1723"]
[BlackElo "1675"]
[PlyCount "60"]
[EventDate "2022.??.??"]
[EventType "team-tourn"]
[EventRounds "9"]
[EventCountry "GER"]
[WhiteTeam "SSC Rostock"]
[BlackTeam "Think Rochade"]
[WhiteTeamCountry "GER"]
[BlackTeamCountry "GER"]

1. e4 c5 2. Nf3 e6 3. d4 cxd4 4. Nxd4 a6 5. Nc3 Qc7 6. a3 Nc6 7. Be3 Nf6 8. Be2 Be7 9. O-O O-O 10. f4 d6 11. Qd2 Bd7 12. f5 Ne5 13. h3 Nc4 14. Bxc4 Qxc4 15. b3 Qc7 16. Qd3 Rac8 17. Nce2 e5 18. Nf3 Qxc2 19. Qxc2 Rxc2 20. Ng3 Rc3 21. Bd2 Rxb3 22. Bb4 Re8 23. Kf2 Bc6 24. Nd2 Rb2 25. Ke3 d5 26. Bxe7 Rxe7 27. Rab1 Ra2 28. Ra1 d4+ 29. Kd3 Bb5+ 30. Nc4 Rxg2 0-1

[Event "VL-2022/23"]
[Site "MVP"]
[Date "2022.11.06"]
[Round "2.6"]
[White "Ostrzinski, Jan"]
[Black "Nour, Alaa"]
[Result "1/2-1/2"]
[WhiteElo "1532"]
[BlackElo "1774"]
[PlyCount "91"]
[EventDate "2022.??.??"]
[EventType "team-tourn"]
[EventRounds "9"]
[EventCountry "GER"]
[WhiteTeam "Think Rochade"]
[BlackTeam "SSC Rostock"]
[WhiteTeamCountry "GER"]
[BlackTeamCountry "GER"]

1. e4 e5 2. Nf3 Nc6 3. Bb5 a6 4. Ba4 Nf6 5. O-O b5 6. Bb3 Bc5 7. d3 d6 8. h3 Na5 9. Nc3 Nxb3 10. axb3 c6 11. d4 exd4 12. Nxd4 Qc7 13. Bg5 h6 14. Bh4 Nd7 15. Nf5 g5 16. Bg3 Ne5 17. Ne2 h5 18. h4 f6 19. Ned4 a5 20. c3 Kf7 21. b4 Bb6 22. hxg5 Bxf5 23. Nxf5 d5 24. gxf6 Rag8 25. bxa5 Ba7 26. exd5 h4 27. Bxe5 Qxe5 28. Qf3 Rg3 29. Nxg3 hxg3 30. Rae1 gxf2+ 31. Rxf2 Qh2+ 32. Kf1 Qh1+ 33. Ke2 Re8+ 34. Kd3 Rxe1 35. Re2 Rd1+ 36. Rd2 Re1 37. Kc2 Ra1 38. dxc6 Qb1+ 39. Kb3 Qa2+ 40. Kc2 Qb1+ 41. Kb3 Qa2+ 42. Kc2 {(=)} Qa4+ 43. Kd3 Qc4+ 44. Kc2 Qa4+ 45. Kd3 Qc4+ 46. Kc2 1/2-1/2

[Event "VL-2022/23"]
[Site "MVP"]
[Date "2022.11.06"]
[Round "2.7"]
[White "Walz, Fabian"]
[Black "Gazizova, Alina"]
[Result "1/2-1/2"]
[WhiteElo "1342"]
[BlackElo "1529"]
[PlyCount "104"]
[EventDate "2022.??.??"]
[EventType "team-tourn"]
[EventRounds "9"]
[EventCountry "GER"]
[WhiteTeam "SSC Rostock"]
[BlackTeam "Think Rochade"]
[WhiteTeamCountry "GER"]
[BlackTeamCountry "GER"]

1. e4 c5 2. c3 Nc6 3. d4 e6 4. Nf3 d5 5. Bd3 c4 6. Bc2 Be7 7. Bf4 Nf6 8. Nbd2 b5 9. a3 a5 10. O-O O-O 11. Bg5 h6 12. Bh4 Bb7 13. Re1 Nd7 14. exd5 Bxh4 15. dxc6 Bxc6 16. Nxh4 Qxh4 17. Be4 Rac8 18. Qf3 Bxe4 19. Nxe4 Rb8 20. Qg3 Qxg3 21. hxg3 Rfd8 22. Nd2 Nf6 23. a4 Rdc8 24. Reb1 b4 25. cxb4 Rxb4 26. Rc1 Nd5 27. Rc2 c3 28. bxc3 Rxc3 29. Rxc3 Nxc3 30. Kf1 Rxd4 31. Nb3 Rxa4 32. Rxa4 Nxa4 33. Nxa5 Nc5 34. Ke2 Kf8 35. Nc4 Ke7 36. Ke3 f6 37. Nd2 g6 38. Kd4 Nb7 39. f3 Nd6 40. g4 Nf7 41. Ne4 e5+ 42. Kd5 f5 43. gxf5 gxf5 44. Nc5 h5 45. g3 Ke8 46. Ke6 f4 47. gxf4 exf4 48. Kf5 Ke7 49. Nd3 Nd6+ 50. Kg5 Nc4 51. Nxf4 Ne5 52. Nxh5 Nxf3+ 1/2-1/2

[Event "VL-2022/23"]
[Site "MVP"]
[Date "2022.11.27"]
[Round "3.1"]
[White "Lehmann, Ruben"]
[Black "Schmidt, Peter"]
[Result "1/2-1/2"]
[WhiteElo "1985"]
[BlackElo "2109"]
[PlyCount "85"]
[EventDate "2022.??.??"]
[EventType "team-tourn"]
[EventRounds "9"]
[EventCountry "GER"]
[WhiteTeam "HSG Stralsund"]
[BlackTeam "SSC Rostock"]
[WhiteTeamCountry "GER"]
[BlackTeamCountry "GER"]

1. d4 Nf6 2. c4 e6 3. Nc3 Bb4 4. e3 Bxc3+ 5. bxc3 O-O 6. Bd3 d6 7. Ne2 c5 8. O-O Nc6 9. f4 Qc7 10. Ng3 g6 11. Bb2 b6 12. e4 Ba6 13. Qe2 Nd7 14. d5 Na5 15. Rae1 Rae8 16. dxe6 fxe6 17. Bc1 Nc6 18. Qg4 Nf6 19. Qh4 Qd8 20. Rd1 Nd7 21. Qh6 Qe7 22. f5 Nce5 23. Bg5 Qg7 24. Qh4 Nxd3 25. Rxd3 Bxc4 26. f6 Nxf6 27. Bh6 Qe7 28. Bxf8 Rxf8 29. e5 Bxd3 30. exf6 Qf7 31. Rf3 Bf5 32. Qf4 e5 33. Qh6 Qxf6 34. Nxf5 gxf5 35. Rg3+ Kh8 36. Rg6 Qf7 37. Rxd6 Qg7 38. Qd2 f4 39. Rd7 Rf7 40. Rd8+ Rf8 41. Rd7 Rf7 42. Rd8+ Rf8 43. Rd7 1/2-1/2

[Event "VL-2022/23"]
[Site "MVP"]
[Date "2022.11.27"]
[Round "3.2"]
[White "Kallweit, Paul"]
[Black "Hubert, Peter"]
[Result "1-0"]
[WhiteElo "1891"]
[BlackElo "2114"]
[PlyCount "79"]
[EventDate "2022.??.??"]
[EventType "team-tourn"]
[EventRounds "9"]
[EventCountry "GER"]
[WhiteTeam "SSC Rostock"]
[BlackTeam "HSG Stralsund"]
[WhiteTeamCountry "GER"]
[BlackTeamCountry "GER"]

1. c4 Nf6 2. g3 c5 3. Bg2 Nc6 4. Nc3 g6 5. d3 Bg7 6. Bd2 O-O 7. Nf3 e6 8. Qc1 d5 9. Bh6 d4 10. Bxg7 Kxg7 11. Nb5 a6 12. Na3 e5 13. Nd2 Bf5 14. O-O Qd7 15. Nc2 Rae8 16. f3 Bh3 17. Rf2 Bxg2 18. Rxg2 Nh5 19. Rb1 Qe7 20. a3 a5 21. b4 axb4 22. axb4 cxb4 23. Qb2 f5 24. Nxb4 Nxb4 25. Qxb4 Rf7 26. Qxe7 Rexe7 27. Rf2 Nf6 28. Rb6 e4 29. fxe4 fxe4 30. Nxe4 Nxe4 31. Rxf7+ Kxf7 32. dxe4 Rxe4 33. Rxb7+ Re7 34. Rb2 Re3 35. Rd2 Re4 36. Kf2 Ke6 37. Rd3 Rg4 38. Kf3 Kf5 39. h3 Re4 40. e3 1-0

[Event "VL-2022/23"]
[Site "MVP"]
[Date "2022.11.27"]
[Round "3.3"]
[White "Mehl, Ronald"]
[Black "Hodl, Ingolf"]
[Result "1/2-1/2"]
[WhiteElo "2099"]
[BlackElo "1911"]
[PlyCount "41"]
[EventDate "2022.??.??"]
[EventType "team-tourn"]
[EventRounds "9"]
[EventCountry "GER"]
[WhiteTeam "HSG Stralsund"]
[BlackTeam "SSC Rostock"]
[WhiteTeamCountry "GER"]
[BlackTeamCountry "GER"]

1. d4 Nf6 2. Nf3 g6 3. g3 Bg7 4. Bg2 O-O 5. O-O d6 6. c4 Nbd7 7. Nc3 e5 8. e3 c6 9. b3 Re8 10. Qc2 Nf8 11. dxe5 dxe5 12. Rd1 Qc7 13. Ba3 Bg4 14. h3 Bxf3 15. Bxf3 Red8 16. b4 Ne6 17. Bg2 Rxd1+ 18. Rxd1 Rd8 19. Bb2 Ne8 20. c5 Rd7 21. a3 1/2-1/2

[Event "VL-2022/23"]
[Site "MVP"]
[Date "2022.11.27"]
[Round "3.4"]
[White "Nour, Alaa"]
[Black "Paulowitz, Bernd-Rainer"]
[Result "1-0"]
[WhiteElo "1774"]
[BlackElo "1904"]
[PlyCount "31"]
[EventDate "2022.??.??"]
[EventType "team-tourn"]
[EventRounds "9"]
[EventCountry "GER"]
[WhiteTeam "SSC Rostock"]
[BlackTeam "HSG Stralsund"]
[WhiteTeamCountry "GER"]
[BlackTeamCountry "GER"]

1. e4 c5 2. Nf3 d6 3. d4 cxd4 4. Nxd4 Nf6 5. Bc4 Qc7 6. Bb3 Nc6 7. Nc3 a6 8. a3 e6 9. Be3 b5 10. O-O Be7 11. f4 Nxd4 12. Bxd4 O-O 13. e5 Ne8 14. Qh5 dxe5 15. fxe5 Bb7 16. Rxf7 1-0

[Event "VL-2022/23"]
[Site "MVP"]
[Date "2022.11.27"]
[Round "3.7"]
[White "Klinger, Clemens"]
[Black "Menkhaus, Wolf-Dieter"]
[Result "0-1"]
[WhiteElo "1654"]
[BlackElo "1899"]
[PlyCount "40"]
[EventDate "2022.??.??"]
[EventType "team-tourn"]
[EventRounds "9"]
[EventCountry "GER"]
[WhiteTeam "HSG Stralsund"]
[BlackTeam "SSC Rostock"]
[WhiteTeamCountry "GER"]
[BlackTeamCountry "GER"]

1. e4 e5 2. Nf3 Nf6 3. Nxe5 d6 4. Nf3 Nxe4 5. Be2 Be7 6. d3 Nf6 7. Nc3 O-O 8. O-O Bd7 9. Bg5 h6 10. Bd2 b5 11. a3 a5 12. d4 c6 13. d5 Nxd5 14. Nxd5 cxd5 15. Nd4 Bf6 16. Bc3 Qb6 17. Bf3 Ra6 18. Bxd5 b4 19. axb4 axb4 20. Rxa6 Nxa6 0-1

[Event "VL-2022/23"]
[Site "MVP"]
[Date "2022.11.27"]
[Round "3.1"]
[White "Kist, Eike Andreas"]
[Black "Fischer, Torsten"]
[Result "1/2-1/2"]
[WhiteElo "1697"]
[BlackElo "2026"]
[PlyCount "46"]
[EventDate "2022.??.??"]
[EventType "team-tourn"]
[EventRounds "9"]
[EventCountry "GER"]
[WhiteTeam "Think Rochade"]
[BlackTeam "SF Schwerin II"]
[WhiteTeamCountry "GER"]
[BlackTeamCountry "GER"]

1. e4 d5 2. exd5 Qxd5 3. Nc3 Qd6 4. d4 Nf6 5. Nf3 Bg4 6. Be2 e6 7. Bg5 Be7 8. Qd2 c6 9. h3 Bxf3 10. Bxf3 Na6 11. Bf4 Qd7 12. Be5 Nb4 13. a3 Nbd5 14. Ne2 Rd8 15. g4 Bd6 16. Qg5 Kf8 17. c4 h6 18. Qh4 g5 19. Qg3 Ne7 20. O-O-O Ng6 21. Nc3 Qc7 22. Bxd6+ Qxd6 23. Ne4 Nxe4 1/2-1/2

[Event "VL-2022/23"]
[Site "MVP"]
[Date "2022.11.27"]
[Round "3.2"]
[White "Kutschke, Peter"]
[Black "Sonnenberger, Joerg"]
[Result "1/2-1/2"]
[WhiteElo "1993"]
[BlackElo "2076"]
[PlyCount "32"]
[EventDate "2022.??.??"]
[EventType "team-tourn"]
[EventRounds "9"]
[EventCountry "GER"]
[WhiteTeam "SF Schwerin II"]
[BlackTeam "Think Rochade"]
[WhiteTeamCountry "GER"]
[BlackTeamCountry "GER"]

1. e4 c5 2. c4 Nc6 3. Ne2 g6 4. d4 cxd4 5. Nxd4 Bg7 6. Be3 d6 7. Nc3 Nf6 8. Be2 O-O 9. O-O Bd7 10. Rc1 Rc8 11. b3 b6 12. f3 Nxd4 13. Bxd4 Bc6 14. Qd2 Qd7 15. Rfd1 Rfd8 16. Rc2 Qb7 1/2-1/2

[Event "VL-2022/23"]
[Site "MVP"]
[Date "2022.11.27"]
[Round "3.3"]
[White "Celmer, Ole"]
[Black "Kupfernagel, Michael"]
[Result "1/2-1/2"]
[WhiteElo "1930"]
[BlackElo "2030"]
[PlyCount "36"]
[EventDate "2022.??.??"]
[EventType "team-tourn"]
[EventRounds "9"]
[EventCountry "GER"]
[WhiteTeam "Think Rochade"]
[BlackTeam "SF Schwerin II"]
[WhiteTeamCountry "GER"]
[BlackTeamCountry "GER"]

1. e4 c5 2. c3 Nf6 3. e5 Nd5 4. g3 e6 5. Bg2 Nc6 6. Nf3 d6 7. exd6 Bxd6 8. O-O O-O 9. d4 cxd4 10. Nxd4 Nxd4 11. Qxd4 Be7 12. Nd2 Bd7 13. Ne4 Bc6 14. Be3 Qc7 15. c4 Nxe3 16. Qxe3 b6 17. a3 Rac8 18. b4 a5 1/2-1/2

[Event "VL-2022/23"]
[Site "MVP"]
[Date "2022.11.27"]
[Round "3.4"]
[White "Jung, Werner"]
[Black "Gazizov, Max"]
[Result "0-1"]
[WhiteElo "2004"]
[BlackElo "1689"]
[PlyCount "57"]
[EventDate "2022.??.??"]
[EventType "team-tourn"]
[EventRounds "9"]
[EventCountry "GER"]
[WhiteTeam "SF Schwerin II"]
[BlackTeam "Think Rochade"]
[WhiteTeamCountry "GER"]
[BlackTeamCountry "GER"]

1. e4 c5 2. Nf3 e6 3. d4 cxd4 4. Nxd4 Nc6 5. Nc3 a6 6. Be3 Qc7 7. Qd2 Nf6 8. a3 b5 9. Nxc6 dxc6 10. Bf4 e5 11. Bg5 Be7 12. Bd3 O-O 13. O-O Be6 14. Kh1 Rfd8 15. f4 h6 16. fxe5 hxg5 17. exf6 gxf6 18. e5 Qxe5 19. Rae1 Qd4 20. Re4 Qc5 21. Qe2 Kg7 22. Rxe6 fxe6 23. Qxe6 Qe5 24. Qxc6 Rh8 25. h3 Bd6 26. Qb7+ Bc7 27. Kg1 Rxh3 28. Qxa8 Bb6+ 29. Rf2 0-1

[Event "VL-2022/23"]
[Site "MVP"]
[Date "2022.11.27"]
[Round "3.5"]
[White "Morosova, Svetlana"]
[Black "Krueger, Gerhard"]
[Result "1/2-1/2"]
[WhiteElo "1675"]
[BlackElo "1972"]
[PlyCount "30"]
[EventDate "2022.??.??"]
[EventType "team-tourn"]
[EventRounds "9"]
[EventCountry "GER"]
[WhiteTeam "Think Rochade"]
[BlackTeam "SF Schwerin II"]
[WhiteTeamCountry "GER"]
[BlackTeamCountry "GER"]

1. d4 d5 2. Bf4 Nf6 3. e3 e6 4. Nf3 a6 5. Bd3 c5 6. c3 Nc6 7. Nbd2 Bd6 8. Ne5 Qc7 9. Ndf3 O-O 10. O-O h6 11. Nxc6 Bxf4 12. exf4 Qxc6 13. Ne5 Qb6 14. Qd2 cxd4 15. cxd4 Nd7 1/2-1/2

[Event "VL-2022/23"]
[Site "MVP"]
[Date "2022.11.27"]
[Round "3.8"]
[White "Pamperin, Gerhard"]
[Black "Gazizova, Alina"]
[Result "1-0"]
[WhiteElo "1901"]
[BlackElo "1529"]
[PlyCount "81"]
[EventDate "2022.??.??"]
[EventType "team-tourn"]
[EventRounds "9"]
[EventCountry "GER"]
[WhiteTeam "SF Schwerin II"]
[BlackTeam "Think Rochade"]
[WhiteTeamCountry "GER"]
[BlackTeamCountry "GER"]

1. d4 Nf6 2. Nf3 g6 3. c4 d6 4. Nc3 Bg7 5. h3 Nbd7 6. e4 O-O 7. Be2 c5 8. Be3 b6 9. O-O Bb7 10. Qc2 a6 11. d5 Qc7 12. Nd2 Rac8 13. a4 Ne8 14. f4 f5 15. exf5 Rxf5 16. Bg4 Rf8 17. Nf3 Nef6 18. Be6+ Kh8 19. Ng5 Rce8 20. Nf7+ Rxf7 21. Bxf7 Rf8 22. Be6 Nh5 23. Kh2 Bc8 24. g4 Nhf6 25. Rae1 Nb8 26. Bd2 Bd7 27. f5 gxf5 28. Bxf5 Bxf5 29. Rxf5 Qd8 30. Bf4 Nbd7 31. Qe2 Ne5 32. Bxe5 dxe5 33. Kg2 Nd7 34. Rxf8+ Qxf8 35. Rf1 Qe8 36. Ne4 Qg6 37. Ng3 Kg8 38. Qe4 Qh6 39. Qf5 Qd6 40. Qf7+ Kh8 41. Qe8+ 1-0

[Event "VL-2022/23"]
[Site "MVP"]
[Date "2022.11.27"]
[Round "3.3"]
[White "Schreiber, Nico"]
[Black "Kliewe, Hans-Juergen"]
[Result "1/2-1/2"]
[WhiteElo "1831"]
[BlackElo "2111"]
[PlyCount "41"]
[EventDate "2022.??.??"]
[EventType "team-tourn"]
[EventRounds "9"]
[EventCountry "GER"]
[WhiteTeam "Mecklenburger Springer"]
[BlackTeam "GW Wismar"]
[WhiteTeamCountry "GER"]
[BlackTeamCountry "GER"]

1. d4 d5 2. Bf4 Nf6 3. e3 c5 4. Nd2 Nc6 5. c3 Bf5 6. Ngf3 e6 7. Nh4 Bg4 8. Be2 Bxe2 9. Qxe2 Ne4 10. Nhf3 Nxd2 11. Nxd2 Bd6 12. Bxd6 Qxd6 13. Qb5 cxd4 14. exd4 O-O 15. O-O a6 16. Qd3 b5 17. a3 Na5 18. Nf3 h6 19. Rfe1 Qf4 20. Re2 Nc4 21. Ne5 1/2-1/2

[Event "VL-2022/23"]
[Site "MVP"]
[Date "2022.11.27"]
[Round "3.5"]
[White "Hopp, Peter"]
[Black "Borchert, Chris"]
[Result "0-1"]
[WhiteElo "1831"]
[BlackElo "2143"]
[PlyCount "36"]
[EventDate "2022.??.??"]
[EventType "team-tourn"]
[EventRounds "9"]
[EventCountry "GER"]
[WhiteTeam "Mecklenburger Springer"]
[BlackTeam "GW Wismar"]
[WhiteTeamCountry "GER"]
[BlackTeamCountry "GER"]

1. e4 d5 2. exd5 Qxd5 3. Nc3 Qa5 4. d4 Nf6 5. Nf3 Bg4 6. Be2 Nc6 7. Be3 O-O-O 8. Qc1 e5 9. dxe5 Nxe5 10. Nxe5 Bxe2 11. Kxe2 Qxe5 12. h3 Bc5 13. Rd1 Rxd1 14. Nxd1 Re8 15. Kf1 Qh2 16. f3 Nh5 17. Qd2 Bxe3 18. Nxe3 Qh1+ 0-1

[Event "VL-2022/23"]
[Site "MVP"]
[Date "2022.11.27"]
[Round "3.6"]
[White "Littke, Helmut"]
[Black "Wulff, Jens-Peter"]
[Result "1/2-1/2"]
[WhiteElo "2054"]
[BlackElo "1726"]
[PlyCount "57"]
[EventDate "2022.??.??"]
[EventType "team-tourn"]
[EventRounds "9"]
[EventCountry "GER"]
[WhiteTeam "GW Wismar"]
[BlackTeam "Mecklenburger Springer"]
[WhiteTeamCountry "GER"]
[BlackTeamCountry "GER"]

1. Nf3 d5 2. c4 Nf6 3. cxd5 Nxd5 4. e4 Nb6 5. d4 Bg4 6. Be2 e6 7. O-O Be7 8. Nc3 O-O 9. Bf4 N8d7 10. a4 Bxf3 11. Bxf3 Nc4 12. b3 Na5 13. Nb5 Bd6 14. Nxd6 cxd6 15. Bxd6 Re8 16. Rc1 Rc8 17. Qd3 Qb6 18. e5 Qxb3 19. Qxb3 Nxb3 20. Rxc8 Rxc8 21. Bxb7 Rc4 22. d5 Ndc5 23. Bc6 exd5 24. Bxd5 Rxa4 25. Rb1 g6 26. g3 Ra3 27. Rb2 a5 28. Rc2 Ra1+ 29. Kg2 1/2-1/2